| 000 | 00740nam a22002177a 4500 | ||
|---|---|---|---|
| 999 |
_c12734 _d12734 |
||
| 003 | AR-CdUCM | ||
| 008 | 190410b ||||| |||| 00| 0 spa d | ||
| 040 |
_aMUNICIPALIDAD PROVINCIAL DEL CUSCO _cBIBLIOTECA MUNICIPAL DEL CUSCO |
||
| 082 |
_aES / 800 / _bC48 |
||
| 100 |
_aCervantes, Miguel de _917829 |
||
| 245 | _aDon Quijote de la Mancha / | ||
| 260 |
_aBarcelona : _bEdiciones I.D.A.G. ; _c1963. |
||
| 300 |
_a222 páginas ; _bIlustraciones _c21cm |
||
| 440 |
_aColección Auriga _nSerie Oro _930758 |
||
| 505 | _aContenido: Primera parte -- Segunda parte | ||
| 650 |
_aQuijote _95500 |
||
| 650 |
_aLiteratura universal _9611 |
||
| 710 |
_aInstituto de Artes Gráficas _930759 |
||
| 942 |
_2ddc _cLIBROS |
||
| 945 |
_anom _d2019-04-10 |
||